| 000 | 00351nam a22001457a 4500 | ||
|---|---|---|---|
| 003 | ASAB | ||
| 005 | 20180827062646.0 | ||
| 008 | 160712t xxu||||| |||| 00| 0 eng d | ||
| 020 | _a978-1-4051-3649-5 | ||
| 040 | _cASAB | ||
| 245 |
_aEssential Haematology _cedited by A.V. Hoffbrand |
||
| 250 | _afifth Edition | ||
| 300 | _a364 p | ||
| 942 |
_2ddc _cBK |
||
| 999 |
_c480159 _d480159 |
||